| 000 | 00000nam##2200000za#4500 |
| 001 | 9.642588 |
| 003 | CaOODSP |
| 005 | 20240314152355 |
| 007 | cr ||||||||||| |
| 008 | 150407|2013||||xxc|||||o f|0| 0 fre|d |
| 020 | |a978-0-660-21423-8 |
| 040 | |aCaOODSP|bfre |
| 043 | |an-cn--- |
| 086 | 1 |aPS4-186/2013F-PDF |
| 110 | 1 |aCanada. |bSécurité publique Canada. |
| 245 | 10|aPensezcybersecurite - protégez-vous en ligne : |h[ressource électronique]|bconseils pensez cybersécurité pour les petites et moyennes entreprises |
| 260 | |aOttawa - Ontario : |bSécurité publique Canada |cc2013. |
| 300 | |a10p.|bfigures |
| 590 | |a15-01|b2015-01-02 |
| 775 | 08|tGetCyberSafe - protect while you connect : |w(CaOODSP)9.698581 |
| 856 | 40|ahttp://publications.gc.ca|qPDF|s833 Ko|uhttps://publications.gc.ca/collections/collection_2014/sp-ps/PS4-186-2013-fra.pdf |